[Event "Chigorin Memorial 19th"]
[Site "St Petersburg"]
[Date "2011.10.19"]
[Round "6"]
[White "Malakhov, Igor"]
[Black "Shurunov, Arseny"]
[Result "1-0"]
[WhiteElo "2428"]
[BlackElo "2219"]
[PlyCount "153"]
[EventDate "2011.10.14"]
[EventType "swiss"]
[EventRounds "9"]
[EventCountry "RUS"]
[SourceTitle "CBM 144 Extra"]
[Source "ChessBase"]
[SourceDate "2011.10.28"]
[SourceVersion "1"]
[SourceVersionDate "2011.10.28"]
[SourceQuality "1"]

1. e4 c5 2. Nf3 Nc6 3. d4 cxd4 4. Nxd4 Qc7 5. Nc3 e6 6. Nxc6 bxc6 7. Bd3 Nf6 8. 0-0 e5 9. f4 d6 10. Kh1 Be7 11. Ne2 0-0 12. fxe5 dxe5 13. Ng3 Be6 14. Bg5 Ng4 15. Nf5 Bxf5 16. Rxf5 Nf2+ 17. Rxf2 Bxg5 18. Qh5 Qe7 19. Bc4 g6 20. Qg4 Kg7 21. Raf1 f6 22. Qe2 Rad8 23. Bb3 Qc5 24. Rf3 Qb5 25. Qf2 Qb6 26. Qe1 Rd4 27. h4 Bf4 28. g3 Bh6 29. c3 Rd6 30. Qe2 Qb5 31. Bc4 Qb6 32. b4 Rd2 33. Qe1 Qd8 34. R3f2 Qd7 35. Kg2 Rxf2+ 36. Qxf2 Qd2 37. b5 cxb5 38. Bxb5 Qxf2+ 39. Kxf2 Rd8 40. Kf3 f5 41. Rb1 Kf6 42. Rb3 Rc8 43. Ra3 Rc7 44. Ra6+ Kg7 45. c4 Bd2 46. Re6 Bc3 47. Bc6 Bd4 48. Bd5 h5 49. Re8 Kf6 50. Rf8+ Kg7 51. Rg8+ Kf6 52. a4 Bb6 53. Re8 Re7 54. Rf8+ Kg7 55. Rc8 Rc7 56. Re8 Bd4 57. a5 Kf6 58. a6 Bc5 59. Rh8 Kg7 60. Rb8 Kf6 61. Re8 Bd4 62. Rf8+ Kg7 63. Rb8 Bc5 64. Re8 Kf6 65. Re6+ Kg7 66. exf5 gxf5 67. Rxe5 Re7 68. Rxf5 Re3+ 69. Kf4 Ra3 70. Bf3 Bd6+ 71. Ke4 Rxa6 72. Rg5+ Kf6 73. Bxh5 Ra3 74. Rg6+ Ke7 75. Rg7+ Kd8 76. Bf3 Rc3 77. h5 1-0

[Event "Chigorin Memorial 19th"]
[Site "St Petersburg"]
[Date "2011.10.18"]
[Round "5"]
[White "Shurunov, Arseny"]
[Black "Khismatullin, Denis Rimovich"]
[Result "0-1"]
[WhiteElo "2219"]
[BlackElo "2635"]
[PlyCount "74"]
[EventDate "2011.10.14"]
[EventType "swiss"]
[EventRounds "9"]
[EventCountry "RUS"]
[SourceTitle "CBM 144 Extra"]
[Source "ChessBase"]
[SourceDate "2011.10.28"]
[SourceVersion "1"]
[SourceVersionDate "2011.10.28"]
[SourceQuality "1"]

1. d4 Nf6 2. c4 e6 3. Nf3 d5 4. Nc3 Bb4 5. cxd5 exd5 6. Bg5 h6 7. Bxf6 Qxf6 8. Qa4+ Nc6 9. e3 0-0 10. Bd3 Bg4 11. Ne5 Nxe5 12. dxe5 Qb6 13. 0-0 Be6 14. e4 dxe4 15. Bxe4 Rfd8 16. Rad1 c6 17. Bb1 Be7 18. Qc2 g6 19. Ne4 Rd4 20. Qc3 Rad8 21. Nd6 c5 22. Rc1 Bxd6 23. exd6 c4 24. Qe3 R4xd6 25. Qxb6 Rxb6 26. Rc2 Rd5 27. Rxc4 Rd2 28. Rcc1 Rbxb2 29. a4 Kg7 30. Rc7 Bd5 31. a5 a6 32. Rc5 Bc6 33. h3 f5 34. h4 h5 35. Rc3 Bb5 36. Re1 Rxf2 37. Rg3 Bc6 0-1

[Event "Izhevsk Corporation Cup-A 3rd"]
[Site "Izhevsk"]
[Date "2011.07.21"]
[Round "6"]
[White "Ipatov, Alexander"]
[Black "Shurunov, Arseny"]
[Result "1/2-1/2"]
[WhiteElo "2092"]
[BlackElo "2216"]
[PlyCount "141"]
[EventDate "2011.07.15"]
[EventType "swiss"]
[EventRounds "9"]
[EventCountry "RUS"]
[SourceTitle "CBM 143 Extra"]
[Source "ChessBase"]
[SourceDate "2011.08.29"]
[SourceVersion "1"]
[SourceVersionDate "2011.08.29"]
[SourceQuality "1"]

1. e4 c5 2. Nf3 Nc6 3. d4 cxd4 4. Nxd4 Qc7 5. Nc3 e6 6. Be2 a6 7. a3 Nf6 8. Be3 b5 9. 0-0 Bb7 10. Kh1 Be7 11. f4 d6 12. Bf3 0-0 13. f5 Nxd4 14. Qxd4 Rac8 15. Rad1 e5 16. Qd2 Rfd8 17. Qf2 Qc4 18. Be2 Qc6 19. Bf3 h6 20. Rd2 Qd7 21. Bb6 Re8 22. Re1 Rc4 23. Ba5 Rec8 24. Rd3 Ba8 25. b3 R4c6 26. Red1 Bd8 27. Bxd8 Qxd8 28. Qe3 Qc7 29. Ne2 Kh7 30. h3 Rxc2 31. Rxd6 Bb7 32. Kh2 Qc5 33. Qd3 Qxa3 34. Rb6 Ba8 35. Rd6 Qa2 36. Re1 Bb7 37. Rb6 Rd2 38. Qe3 Ba8 39. Rxa6 Qxa6 40. Qxd2 Nxe4 41. Qe3 Nc5 42. b4 Bxf3 43. Qxf3 e4 44. Qg4 Nd3 45. Rb1 Rc4 46. Ng3 Qd6 47. f6 Qxf6 48. Rf1 Qg6 49. Qd7 Rxb4 50. Rf5 Rb2 51. Qd4 Rb4 52. Qd5 Qe6 53. Qd8 Rb2 54. Qd4 b4 55. Nh5 f6 56. Rb5 Re2 57. Rb7 Qe5+ 58. Qxe5 Nxe5 59. Rxg7+ Kh8 60. Rb7 Rf2 61. Rxb4 f5 62. Rb5 Nf7 63. Rb7 Kg8 64. Kg3 Rf1 65. Rb8+ Kh7 66. Rb7 Kg6 67. Nf4+ Kg7 68. Nd5 h5 69. h4 Kg6 70. Rb6+ Kg7 71. Rb7 1/2-1/2

[Event "Izhevsk Corporation Cup-A 3rd"]
[Site "Izhevsk"]
[Date "2011.07.19"]
[Round "5"]
[White "Shurunov, Arseny"]
[Black "Chuprov, Dmitry"]
[Result "0-1"]
[WhiteElo "2216"]
[BlackElo "2531"]
[PlyCount "120"]
[EventDate "2011.07.15"]
[EventType "swiss"]
[EventRounds "9"]
[EventCountry "RUS"]
[SourceTitle "CBM 143 Extra"]
[Source "ChessBase"]
[SourceDate "2011.08.29"]
[SourceVersion "1"]
[SourceVersionDate "2011.08.29"]
[SourceQuality "1"]

1. d4 Nf6 2. Nf3 g6 3. c4 Bg7 4. g3 0-0 5. Bg2 d6 6. 0-0 Nbd7 7. Nc3 e5 8. e4 c6 9. h3 Qa5 10. Re1 exd4 11. Nxd4 Ne5 12. Bf1 Qb4 13. Nc2 Qb6 14. Rb1 Be6 15. b3 Rad8 16. Be3 Qa5 17. Bd2 Qc7 18. f4 Ned7 19. Be3 Nc5 20. Bg2 Qc8 21. h4 Nh5 22. Ne2 Bh3 23. Bd4 Bxg2 24. Kxg2 Nxe4 25. Bxg7 Nxg7 26. Qd4 Rfe8 27. Ne3 Nf5 28. Nxf5 Qxf5 29. Nc3 c5 30. Qd3 Nxc3 31. Qxc3 d5 32. cxd5 Qxd5+ 33. Kg1 b6 34. Rbd1 Rxe1+ 35. Rxe1 Qd4+ 36. Qxd4 Rxd4 37. Re2 Rd3 38. Kf2 h5 39. Rc2 Kg7 40. Rb2 Kf6 41. Re2 Rc3 42. Kg2 c4 43. bxc4 Rxc4 44. Rd2 Ra4 45. Re2 Ra3 46. Rd2 b5 47. Rb2 a6 48. Rc2 b4 49. Rb2 a5 50. Re2 Rc3 51. Kh3 Ra3 52. Kg2 a4 53. Kh3 b3 54. axb3 Rxb3 55. Re4 a3 56. Ra4 Ke6 57. Ra7 Rc3 58. Ra5 Kd6 59. Ra7 Kc5 60. Rxf7 Kb4 0-1

[Event "Izhevsk Corporation Cup-A 3rd"]
[Site "Izhevsk"]
[Date "2011.07.18"]
[Round "4"]
[White "Khruschiov, Alexey"]
[Black "Shurunov, Arseny"]
[Result "1-0"]
[WhiteElo "2409"]
[BlackElo "2216"]
[PlyCount "89"]
[EventDate "2011.07.15"]
[EventType "swiss"]
[EventRounds "9"]
[EventCountry "RUS"]
[SourceTitle "CBM 143 Extra"]
[Source "ChessBase"]
[SourceDate "2011.08.29"]
[SourceVersion "1"]
[SourceVersionDate "2011.08.29"]
[SourceQuality "1"]

1. d4 d5 2. c4 c6 3. Nf3 Nf6 4. e3 Bf5 5. cxd5 cxd5 6. Nc3 Nc6 7. Ne5 Nd7 8. g4 Be6 9. Nd3 Nb6 10. h4 Bd7 11. Nc5 Qc8 12. Nxd7 Qxd7 13. h5 h6 14. e4 e6 15. e5 Bb4 16. a3 Be7 17. f4 Qd8 18. Be3 a6 19. Bf2 Rc8 20. Bd3 Na5 21. Ne2 Nbc4 22. Ra2 b5 23. Rh3 Rb8 24. f5 Bg5 25. b3 Nb6 26. Rf3 Rf8 27. a4 Nd7 28. axb5 axb5 29. Nf4 Bxf4 30. Rxf4 Qb6 31. Bh4 exf5 32. gxf5 Nc6 33. Bb1 Rc8 34. Rg2 Qa5+ 35. Kf1 Qc3 36. Be1 Qe3 37. Bd2 Qh3 38. Kg1 b4 39. f6 Na5 40. fxg7 Rg8 41. Bf5 Qxb3 42. Bxd7+ Kxd7 43. Rxf7+ Kc6 44. Rg6+ Kb5 45. Rb7+ 1-0

[Event "Izhevsk Corporation Cup-A 3rd"]
[Site "Izhevsk"]
[Date "2011.07.17"]
[Round "3"]
[White "Shurunov, Arseny"]
[Black "Pushin, Vladimir"]
[Result "1-0"]
[WhiteElo "2216"]
[BlackElo "2430"]
[PlyCount "87"]
[EventDate "2011.07.15"]
[EventType "swiss"]
[EventRounds "9"]
[EventCountry "RUS"]
[SourceTitle "CBM 143 Extra"]
[Source "ChessBase"]
[SourceDate "2011.08.29"]
[SourceVersion "1"]
[SourceVersionDate "2011.08.29"]
[SourceQuality "1"]

1. e4 c5 2. Nf3 d6 3. d4 cxd4 4. Nxd4 Nf6 5. Nc3 a6 6. Be3 e5 7. Nf3 Be7 8. Bc4 0-0 9. 0-0 Nc6 10. Re1 Na5 11. Bb3 Be6 12. Qd3 Rc8 13. Rad1 Nc4 14. Bxc4 Bxc4 15. Qd2 h6 16. Qc1 Qa5 17. Nd2 Be6 18. Nb3 Qc7 19. f3 Rfd8 20. Re2 d5 21. exd5 Nxd5 22. Nxd5 Rxd5 23. Rxd5 Bxd5 24. Rd2 Be6 25. Qd1 Bf5 26. c3 Be6 27. Nc1 Qc6 28. Qe2 Qa4 29. a3 Bc4 30. Qd1 Qc6 31. Nd3 Qe6 32. Nb4 Bb3 33. Qe1 a5 34. Nd3 Bc4 35. Bf2 f6 36. h3 Qc6 37. Nf4 Bxa3 38. bxa3 exf4 39. Qe7 Rc7 40. Qd8+ Kh7 41. Rd6 Rc8 42. Rxc6 Rxd8 43. Rxc4 Rd1+ 44. Kh2 1-0

[Event "Khanty-Mansiysk Governor Cup 6th"]
[Site "Khanty-Mansiysk"]
[Date "2010.09.25"]
[Round "9"]
[White "Shurunov, Arseny"]
[Black "Sharafiev, Azat"]
[Result "1/2-1/2"]
[WhiteElo "2145"]
[BlackElo "2439"]
[PlyCount "113"]
[EventDate "2010.09.17"]
[EventType "swiss"]
[EventRounds "10"]
[EventCountry "RUS"]
[SourceTitle "CBM 138 Extra"]
[Source "ChessBase"]
[SourceDate "2010.10.29"]
[SourceVersion "1"]
[SourceVersionDate "2010.10.29"]
[SourceQuality "1"]

1. e4 g6 2. d4 Bg7 3. Nc3 d6 4. Nf3 Nf6 5. h3 0-0 6. Be2 c6 7. a4 Nbd7 8. 0-0 e5 9. dxe5 dxe5 10. Be3 Qe7 11. Bc4 Nc5 12. Nd2 Rd8 13. Qe2 Ne6 14. Bxe6 Bxe6 15. a5 Nh5 16. Na4 Nf4 17. Bxf4 exf4 18. c3 Qg5 19. Nf3 Qxa5 20. Qc2 Qh5 21. e5 Bxh3 22. Qe4 Bg4 23. Nh2 Be6 24. Rfe1 g5 25. Nc5 Bd5 26. Qf5 Qg6 27. Qxg6 hxg6 28. Nxb7 Rdb8 29. Na5 Rxb2 30. c4 Be6 31. Nxc6 Bxc4 32. Nf3 g4 33. Nfd4 Bf8 34. e6 fxe6 35. Nxe6 g3 36. fxg3 Bd5 37. Nxf8 Kxf8 38. Ne7 Bf7 39. gxf4 Rd8 40. Ra3 Rd7 41. Rae3 a5 42. f5 gxf5 43. Nxf5 a4 44. Nh6 Rdd2 45. Rf3 Rxg2+ 46. Kf1 Rg7 47. Nxf7 Rxf7 48. Rxf7+ Kxf7 49. Ra1 Rb4 50. Ke2 Ke6 51. Kd3 Kd5 52. Kc3 Kc5 53. Rh1 Rb3+ 54. Kc2 Kb4 55. Rb1 Ka3 56. Ra1+ Kb4 57. Rb1 1/2-1/2

[Event "Khanty-Mansiysk Governor Cup 6th"]
[Site "Khanty-Mansiysk"]
[Date "2010.09.21"]
[Round "5"]
[White "Liberman, Alexander"]
[Black "Shurunov, Arseny"]
[Result "0-1"]
[WhiteElo "1976"]
[BlackElo "2145"]
[PlyCount "78"]
[EventDate "2010.09.17"]
[EventType "swiss"]
[EventRounds "10"]
[EventCountry "RUS"]
[SourceTitle "CBM 138 Extra"]
[Source "ChessBase"]
[SourceDate "2010.10.29"]
[SourceVersion "1"]
[SourceVersionDate "2010.10.29"]
[SourceQuality "1"]

1. d4 Nf6 2. Nf3 g6 3. b3 Bg7 4. Bb2 0-0 5. Nbd2 d6 6. e3 Nbd7 7. Be2 c5 8. 0-0 a6 9. c4 cxd4 10. exd4 d5 11. Re1 b6 12. Ne5 Bb7 13. Bf3 e6 14. Rc1 Rc8 15. Ba3 Re8 16. cxd5 Rxc1 17. Qxc1 Bxd5 18. Nc6 Bxc6 19. Qxc6 Nb8 20. Qd6 Bf8 21. Qxd8 Rxd8 22. Bb2 Bb4 23. Rd1 Bxd2 24. Rxd2 Nd5 25. Kf1 Nc6 26. Be2 b5 27. a4 bxa4 28. bxa4 a5 29. Rc2 Rb8 30. g3 Nce7 31. Bb5 Nf5 32. Ke2 Nd6 33. Rc5 Nf6 34. Ba3 Nfe4 35. Re5 Nxb5 36. axb5 Nc3+ 37. Kd3 Nxb5 38. Be7 Na7 39. Rxa5 Nc6 0-1

[Event "Izhevsk op-A"]
[Site "Izhevsk"]
[Date "2010.07.16"]
[Round "2"]
[White "Skomorokhin, Roman"]
[Black "Shurunov, Arseny"]
[Result "1/2-1/2"]
[WhiteElo "2436"]
[BlackElo "2149"]
[PlyCount "76"]
[EventDate "2010.07.15"]
[EventType "swiss"]
[EventRounds "9"]
[EventCountry "RUS"]
[SourceTitle "CBM 137 Extra"]
[Source "ChessBase"]
[SourceDate "2010.09.01"]
[SourceVersion "1"]
[SourceVersionDate "2010.09.01"]
[SourceQuality "1"]

1. d4 Nf6 2. c4 g6 3. Nc3 Bg7 4. e4 0-0 5. Nf3 d6 6. Be2 Nbd7 7. 0-0 e5 8. Re1 c6 9. Bf1 Qc7 10. Rb1 a5 11. b3 Re8 12. d5 Nc5 13. a3 Bg4 14. b4 axb4 15. axb4 Ncd7 16. h3 Bxf3 17. Qxf3 c5 18. Nb5 Qb8 19. Bg5 cxb4 20. Rxb4 Rc8 21. Reb1 h6 22. Be3 Nc5 23. Nc3 Nfd7 24. h4 Rf8 25. h5 f5 26. hxg6 Qe8 27. Qh5 f4 28. Bxc5 Nxc5 29. Be2 Rf6 30. Nb5 Qe7 31. Bf3 Bf8 32. Bg4 Ra2 33. Bf5 Qd8 34. Qh4 Bg7 35. Nc3 Ra3 36. Nb5 Ra2 37. Nc3 Ra3 38. Nb5 Ra2 1/2-1/2

[Event "Cheliabinsk Kibizov Memorial 5th"]
[Site "Cheliabinsk"]
[Date "2010.07.02"]
[Round "9"]
[White "Shurunov, Arseny"]
[Black "Gorbushin, Maksim"]
[Result "1-0"]
[WhiteElo "2149"]
[BlackElo "2030"]
[PlyCount "123"]
[EventDate "2010.06.24"]
[EventType "swiss"]
[EventRounds "9"]
[EventCountry "RUS"]
[SourceTitle "EXT 2012"]
[Source "ChessBase"]
[SourceDate "2011.11.24"]
[SourceVersion "1"]
[SourceVersionDate "2011.11.24"]
[SourceQuality "1"]

1. e4 c5 2. Nf3 d6 3. d4 cxd4 4. Nxd4 Nf6 5. Nc3 g6 6. Be3 Bg7 7. f3 0-0 8. Qd2 Nc6 9. Bc4 Bd7 10. 0-0-0 Rc8 11. Bb3 Ne5 12. Kb1 Nc4 13. Bxc4 Rxc4 14. g4 b5 15. b3 Rc5 16. Ne6 Bxe6 17. Bxc5 Qa5 18. Bd4 b4 19. Ne2 Rc8 20. g5 Ne8 21. Bxg7 Kxg7 22. h4 Nc7 23. c4 d5 24. cxd5 Nxd5 25. Rc1 Nc3+ 26. Nxc3 bxc3 27. Qd4+ f6 28. Rc2 Bf7 29. gxf6+ exf6 30. Rhc1 Qh5 31. Rxc3 Rxc3 32. Rxc3 Qxh4 33. Rc2 a5 34. Qd7 g5 35. Rc7 Qh5 36. Kb2 Qg6 37. Qe7 h5 38. Rc8 Kh7 39. Rc6 Qg7 40. Rxf6 Bg6 41. Qxg7+ Kxg7 42. Rd6 h4 43. Rd2 Bh5 44. Kc3 Bxf3 45. Kd4 h3 46. Ke3 Bg2 47. Kf2 Bxe4 48. Kg3 Bg2 49. Rd7+ Kf6 50. Ra7 g4 51. Rxa5 Bf3 52. Rc5 Ke6 53. b4 Kd6 54. a4 Bc6 55. a5 Bb7 56. Rc4 Bf3 57. b5 Be2 58. Rc6+ Kd7 59. a6 Bxb5 60. Rb6 Bc6 61. a7 Bf3 62. Rb8 1-0

[Event "Cheliabinsk Kibizov Memorial 5th"]
[Site "Cheliabinsk"]
[Date "2010.06.30"]
[Round "7"]
[White "Shurunov, Arseny"]
[Black "Fesenko, Vitaly"]
[Result "1/2-1/2"]
[WhiteElo "2149"]
[BlackElo "2206"]
[PlyCount "66"]
[EventDate "2010.06.24"]
[EventType "swiss"]
[EventRounds "9"]
[EventCountry "RUS"]
[SourceTitle "EXT 2012"]
[Source "ChessBase"]
[SourceDate "2011.11.24"]
[SourceVersion "1"]
[SourceVersionDate "2011.11.24"]
[SourceQuality "1"]

1. e4 c5 2. Nf3 Nc6 3. d4 cxd4 4. Nxd4 Qc7 5. Nc3 e6 6. Be2 a6 7. 0-0 Nf6 8. Be3 d6 9. Kh1 Be7 10. f4 0-0 11. a4 Bd7 12. Bf3 Rfe8 13. Qe1 Rac8 14. Qg3 e5 15. Nxc6 Bxc6 16. Rad1 b5 17. axb5 axb5 18. fxe5 dxe5 19. Bh6 g6 20. Nd5 Nxd5 21. exd5 Bd7 22. Be4 Qd6 23. b3 b4 24. Rf3 Bb5 25. Rd2 Bf8 26. Bxf8 Rxf8 27. Rdf2 Ra8 28. h4 Ra1+ 29. Kh2 Re1 30. Rf6 Qc5 31. Bxg6 hxg6 32. Rxg6+ fxg6 33. Qxg6+ Kh8 1/2-1/2

[Event "Cheliabinsk Kibizov Memorial 5th"]
[Site "Cheliabinsk"]
[Date "2010.06.26"]
[Round "3"]
[White "Pleshakov, Anton"]
[Black "Shurunov, Arseny"]
[Result "1/2-1/2"]
[WhiteElo "1953"]
[BlackElo "2149"]
[PlyCount "129"]
[EventDate "2010.06.24"]
[EventType "swiss"]
[EventRounds "9"]
[EventCountry "RUS"]
[SourceTitle "EXT 2012"]
[Source "ChessBase"]
[SourceDate "2011.11.24"]
[SourceVersion "1"]
[SourceVersionDate "2011.11.24"]
[SourceQuality "1"]

1. e4 c5 2. Nf3 e6 3. d4 cxd4 4. Nxd4 a6 5. Be3 Qc7 6. Bd3 Nf6 7. 0-0 Nc6 8. Nc3 Be7 9. Kh1 0-0 10. f4 d6 11. Qf3 Bd7 12. Rae1 b5 13. a3 Rac8 14. Qg3 Nxd4 15. Bxd4 Bc6 16. e5 dxe5 17. Bxe5 Qb7 18. Re2 g6 19. f5 Nh5 20. Qg4 exf5 21. Bxf5 Rce8 22. Bd3 Bd7 23. Qe4 Bc6 24. Qg4 Bc5 25. b4 Bb6 26. Bd6 Rxe2 27. Nxe2 Re8 28. Nf4 Nxf4 29. Bxf4 Bd5 30. h4 h5 31. Qg3 Qc6 32. Bg5 Bd4 33. Bf4 Bc3 34. Kh2 Bb2 35. Bc1 Bxc1 36. Rxc1 Qc3 37. Qg5 Be4 38. Bxe4 Rxe4 39. Rf1 Rg4 40. Qd8+ Kg7 41. Kg1 Qe3+ 42. Rf2 Qe1+ 43. Rf1 Qe5 44. Qd7 Rf4 45. Rxf4 Qxf4 46. Qe7 Qc1+ 47. Kh2 Qxc2 48. Qe5+ Kh7 49. Qf6 Qc4 50. Qxa6 Qxh4+ 51. Kg1 Qd4+ 52. Kh1 Qd3 53. Qa7 Kg7 54. Qa6 h4 55. Kh2 Qg3+ 56. Kh1 Qe1+ 57. Kh2 Qe5+ 58. Kh1 g5 59. Qc8 Kg6 60. Qg8+ Qg7 61. Qe8 Qa1+ 62. Kh2 Qxa3 63. Qxb5 Qg3+ 64. Kh1 Qe1+ 65. Kh2 1/2-1/2

[Event "Cheliabinsk Region-ch"]
[Site "Cheliabinsk"]
[Date "2010.04.02"]
[Round "7"]
[White "Shurunov, Arseny"]
[Black "Bashkov, Viacheslav"]
[Result "0-1"]
[WhiteElo "2156"]
[BlackElo "2307"]
[PlyCount "116"]
[EventDate "2010.03.27"]
[EventType "swiss"]
[EventRounds "9"]
[EventCountry "RUS"]
[SourceTitle "EXT 2012"]
[Source "ChessBase"]
[SourceDate "2011.11.24"]
[SourceVersion "1"]
[SourceVersionDate "2011.11.24"]
[SourceQuality "1"]

1. e4 c5 2. Nf3 e6 3. d4 cxd4 4. Nxd4 Nc6 5. Be2 Nf6 6. Nc3 Bb4 7. Nxc6 bxc6 8. Qd3 0-0 9. 0-0 d5 10. exd5 cxd5 11. Bg5 h6 12. Bh4 a5 13. Qd4 Bb7 14. Bd3 Re8 15. Rae1 Rc8 16. Kh1 Bc5 17. Qe5 Bd6 18. Qe2 e5 19. Ba6 Bxa6 20. Qxa6 g5 21. Bg3 d4 22. Nb5 Bb8 23. Na3 Re6 24. Qe2 e4 25. Bxb8 Rxb8 26. Nc4 Qd5 27. b3 a4 28. Rd1 axb3 29. axb3 Rd8 30. Rfe1 Kg7 31. Kg1 Qc5 32. Qd2 Rd5 33. Re2 Qb5 34. Ra1 Qb8 35. g3 Qc7 36. Rd1 Qb8 37. Ra1 Qc7 38. Rd1 Qa7 39. Qe1 Qd7 40. Red2 Ra6 41. Ra1 Re6 42. Rad1 Ng4 43. Re2 f5 44. Qb4 Qa7 45. h3 Nf6 46. Qd2 Qc7 47. Kh1 Qc6 48. Kh2 Qc7 49. Kh1 e3 50. Qd3 Ne4 51. Rf1 Qc6 52. Kh2 Nxf2 53. Rexf2 exf2 54. Rxf2 Re4 55. Qf3 Qe6 56. Rd2 f4 57. g4 Rd8 58. Qf2 Re8 0-1

[Event "Cheliabinsk Region-ch"]
[Site "Cheliabinsk"]
[Date "2010.04.01"]
[Round "6"]
[White "Baraeva, Marina"]
[Black "Shurunov, Arseny"]
[Result "0-1"]
[WhiteElo "2099"]
[BlackElo "2156"]
[PlyCount "164"]
[EventDate "2010.03.27"]
[EventType "swiss"]
[EventRounds "9"]
[EventCountry "RUS"]
[SourceTitle "EXT 2012"]
[Source "ChessBase"]
[SourceDate "2011.11.24"]
[SourceVersion "1"]
[SourceVersionDate "2011.11.24"]
[SourceQuality "1"]

1. d4 Nf6 2. c4 g6 3. Nc3 Bg7 4. e4 0-0 5. Be2 d6 6. Nf3 e5 7. Be3 Nbd7 8. 0-0 c6 9. dxe5 dxe5 10. Qc2 Qe7 11. Rad1 Nh5 12. Rfe1 Nf4 13. Bf1 Nc5 14. b4 Na6 15. b5 Nc5 16. bxc6 bxc6 17. Na4 Nxa4 18. Qxa4 Bd7 19. Qa5 Rfd8 20. Bxf4 exf4 21. Qc7 Bc3 22. Re2 Bb4 23. Qxf4 Be6 24. Rxd8+ Rxd8 25. Rb2 Qc5 26. Rb1 Bc3 27. Qh4 Re8 28. Ng5 h5 29. Nxe6 Rxe6 30. Rb8+ Kh7 31. Qd8 Bg7 32. Rb7 Rf6 33. Qd2 Rxf2 34. Qxf2 Bd4 35. Rxf7+ Kh6 36. g3 Bxf2+ 37. Rxf2 Qd4 38. e5 Qxe5 39. Kg2 Qe4+ 40. Kg1 Qd4 41. Kg2 g5 42. Be2 Qe4+ 43. Kg1 Kg6 44. Bf1 h4 45. gxh4 Qxh4 46. Bd3+ Kg7 47. Be2 Qe4 48. Bf1 Kg6 49. Be2 Qb1+ 50. Bf1 Kh5 51. Kg2 Kh4 52. Kg1 Qc1 53. Rg2 Qe3+ 54. Kh1 Kh5 55. Be2+ Kh6 56. h3 Qe4 57. Kh2 Qh4 58. Bg4 Kg6 59. Re2 Kf7 60. Kg2 Qh8 61. Be6+ Ke7 62. Bd5+ Kd7 63. Bf3 Qd4 64. Bg4+ Kd6 65. Re6+ Kc7 66. Bf3 Qd2+ 67. Kg3 Qxa2 68. Rxc6+ Kd7 69. Rg6 a5 70. Rxg5 a4 71. c5 Qb2 72. c6+ Kc7 73. Rh5 Qg7+ 74. Kh2 Qb2+ 75. Kg3 a3 76. Rh7+ Kd6 77. Rd7+ Ke5 78. c7 Qc3 79. Kf2 a2 80. Rd5+ Kf4 81. c8Q Qxf3+ 82. Ke1 a1Q+ 0-1

[Event "Cheliabinsk Region-ch"]
[Site "Cheliabinsk"]
[Date "2010.03.29"]
[Round "3"]
[White "Shurunov, Arseny"]
[Black "Kanakin, Konstantin"]
[Result "1-0"]
[WhiteElo "2156"]
[BlackElo "1952"]
[PlyCount "68"]
[EventDate "2010.03.27"]
[EventType "swiss"]
[EventRounds "9"]
[EventCountry "RUS"]
[SourceTitle "EXT 2012"]
[Source "ChessBase"]
[SourceDate "2011.11.24"]
[SourceVersion "1"]
[SourceVersionDate "2011.11.24"]
[SourceQuality "1"]

1. e4 c5 2. Nf3 Nc6 3. d4 cxd4 4. Nxd4 Nf6 5. Nc3 e5 6. Ndb5 d6 7. Bg5 a6 8. Na3 b5 9. Nd5 Be7 10. Bxf6 Bxf6 11. Be2 Bb7 12. c3 0-0 13. Nc2 Bg5 14. 0-0 Ne7 15. Ncb4 Nxd5 16. Nxd5 Kh8 17. a4 bxa4 18. Rxa4 f5 19. Bf3 f4 20. Qd3 a5 21. Raa1 Bh4 22. Qd2 h6 23. c4 Bxd5 24. exd5 Qc7 25. Be4 Qc5 26. b3 Rfb8 27. Qd3 Kg8 28. Bf5 Bf6 29. Be6+ Kf8 30. Qh7 Ke7 31. Qg6 Rf8 32. b4 Qxc4 33. bxa5 Qa6 34. Rac1 Ra7 1-0

[Event "Cheliabinsk-ch HL op"]
[Site "Cheliabinsk"]
[Date "2010.01.??"]
[Round "6"]
[White "Kozirev, Alexander"]
[Black "Shurunov, Arseny"]
[Result "1/2-1/2"]
[WhiteElo "2343"]
[BlackElo "2145"]
[PlyCount "68"]
[EventDate "2010.01.??"]
[EventType "swiss"]
[EventRounds "9"]
[EventCountry "RUS"]
[SourceTitle "CBM 134 Extra"]
[Source "ChessBase"]
[SourceDate "2010.03.03"]
[SourceVersion "1"]
[SourceVersionDate "2010.03.03"]
[SourceQuality "1"]

1. e4 c5 2. Nf3 e6 3. d4 cxd4 4. Nxd4 a6 5. Bd3 Nc6 6. Nxc6 bxc6 7. 0-0 d5 8. Nc3 Nf6 9. Re1 Be7 10. e5 Nd7 11. Qg4 g6 12. Bh6 Bf8 13. Bxf8 Kxf8 14. Na4 Kg7 15. c4 Qe7 16. Rac1 Rb8 17. b3 a5 18. Qg3 Bb7 19. f4 Rhe8 20. cxd5 cxd5 21. Rc7 Rec8 22. f5 Qd8 23. f6+ Kg8 24. Rxd7 Qxd7 25. Nb6 Qd8 26. Nxc8 Rxc8 27. Qe3 Rc3 28. Qh6 Qf8 29. Qxf8+ Kxf8 30. Rd1 Ke8 31. Kf2 Kd7 32. Ke2 Kc6 33. Kd2 Rc5 34. Ke3 Kb6 1/2-1/2

[Event "RUS-ch U14"]
[Site "Dagomys"]
[Date "2009.04.18"]
[Round "4"]
[White "Shurunov, Arseny"]
[Black "Oganian, Miran"]
[Result "1-0"]
[WhiteElo "2146"]
[BlackElo "2055"]
[PlyCount "65"]
[EventDate "2009.04.15"]
[EventType "swiss"]
[EventRounds "9"]
[EventCountry "RUS"]
[SourceTitle "CBM 130 Extra"]
[Source "ChessBase"]
[SourceDate "2009.07.02"]
[SourceVersion "2"]
[SourceVersionDate "2009.07.15"]
[SourceQuality "1"]

1. e4 c5 2. Nf3 d6 3. d4 cxd4 4. Nxd4 Nf6 5. Nc3 g6 6. Be3 Bg7 7. f3 0-0 8. Qd2 Nc6 9. Bc4 Bd7 10. 0-0-0 Rc8 11. Bb3 Nxd4 12. Bxd4 b5 13. h4 a5 14. h5 a4 15. Bxf6 exf6 16. h6 Bh8 17. Qxd6 Bc6 18. Qxd8 Rfxd8 19. Bd5 Be8 20. a3 Kf8 21. Rhe1 Rc5 22. f4 Rb8 23. Na2 Rb6 24. f5 gxf5 25. exf5 Rd6 26. Nb4 Bd7 27. g4 Rc7 28. Re4 Rc5 29. Rd3 Be8 30. Bxf7 Rxd3 31. Nxd3 Rxc2+ 32. Kxc2 Bxf7 33. Kc3 1-0

[Event "RUS-ch U14"]
[Site "Dagomys"]
[Date "2009.04.17"]
[Round "3"]
[White "Dobrovlianskiy, Dmitriy"]
[Black "Shurunov, Arseny"]
[Result "1-0"]
[WhiteElo "1964"]
[BlackElo "2146"]
[PlyCount "105"]
[EventDate "2009.04.15"]
[EventType "swiss"]
[EventRounds "9"]
[EventCountry "RUS"]
[SourceTitle "CBM 130 Extra"]
[Source "ChessBase"]
[SourceDate "2009.07.02"]
[SourceVersion "2"]
[SourceVersionDate "2009.07.15"]
[SourceQuality "1"]

1. d4 Nf6 2. c4 g6 3. Nc3 Bg7 4. e4 d6 5. Be2 0-0 6. Bg5 c5 7. d5 h6 8. Bh4 e6 9. dxe6 Bxe6 10. Nf3 Qb6 11. Qb3 Nbd7 12. Qxb6 Nxb6 13. Nd2 g5 14. Bg3 Rfd8 15. 0-0-0 Ng4 16. Nd5 Nxd5 17. cxd5 Bc8 18. Nc4 Ne5 19. Bxe5 Bxe5 20. Nxe5 dxe5 21. g4 Rd6 22. h4 f6 23. hxg5 fxg5 24. f3 Bd7 25. Kd2 Rc8 26. Rc1 a5 27. Rc3 b6 28. a3 a4 29. Rhc1 Ra8 30. Ke3 Kf7 31. Rh1 Ke7 32. Kf2 Rf6 33. Kg3 Kd6 34. Rhc1 Ra5 35. Bf1 Rf8 36. R1c2 Rh8 37. Rh2 b5 38. Re3 Ra7 39. Rc3 b4 40. Rcc2 Rb7 41. Bc4 Be8 42. Rc1 Rf7 43. Ba6 Ra7 44. Bc8 Bf7 45. Bf5 bxa3 46. bxa3 Rb7 47. Rc4 Be8 48. Rhc2 Rb3 49. Rxc5 Rxa3 50. Ra5 Rb3 51. Ra6+ Ke7 52. Rc7+ Kd8 53. Rg7 1-0